Mixed Word: Ice Cream Quiz Stats

 Plays Quiz Updated Apr 13, 2012

Support Sporcle.
Go Orange.
Score 0/16 Timer 03:00
3 Plays Today
Hint Answer % Correct
BNANAABanana
99%
THO GUDEFHot Fudge
96.4%
CLEOHOCTA HIPSCChocolate Chips
95.3%
RYRCHECherry
93.8%
BOWNERIBrownie
93.3%
ROOEOreo
93%
MUGMY BRASEGummy Bears
92.6%
PHDIWPE MARCEWhipped Cream
91.9%
Hint Answer % Correct
FEEFOT SITBToffee Bits
91.3%
LARCEMA SEAUCCaramel Sauce
90.9%
KICEOO DUGHOCookie Dough
89%
DEDRESDH TOONCUCShredded Coconut
77.8%
STCROETBCTHU SUCAEButterscotch Sauce
75.5%
LESSKPNIRSprinkles
73.7%
TAPEUSNPeanuts
67.6%
RABISTESWERRStrawberries
65.1%

From the Vault

Movie Character Blitz VIII

by Thebiguglyalien

Movies 60s
God creates dinosaurs. God destroys dinosaurs. God creates man. Man destroys God. Man creates quizzes.
Remove Ads.
Support Sporcle.
Get the best of Sporcle when you Go Orange. This ad-free experience offers more features, more stats, and more fun while also helping to support Sporcle. Thank you for becoming a member.

Show Comments

Extras

Top Quizzes Today


Score Distribution

Your Account Isn't Verified!

In order to create a playlist on Sporcle, you need to verify the email address you used during registration. Go to your Sporcle Settings to finish the process.

Report this User

Report this user for behavior that violates our Community Guidelines.

Details: